Nuestra sangre /

Breve historia del descubrimiento de las características de la circulación de la sangre. Harvey y el descubrimiento de los capilares. La sangre y sus componentes. Las hemorragias, la coagulación, la presión sanguínea.

Guardado en:
Autor Principal: Chiesa, Mariano
Autor Corporativo: Canal Encuentro.
Formato: Deslizar
Publicado: Argentina, 2011
Series:Horizontes. Ciencias Naturales
DVD 2
Materias:
Acceso en línea:https://www.educ.ar/recursos/50723/nuestra-sangre
Etiquetas: Agregar Etiqueta
Sin Etiquetas, Sea el primero en etiquetar este registro!
LEADER 01276ngm a22003735g 4500
001 CEM.cems023657
008 130507s2011##################0###0#####d
005 20250619150035.0
245 1 0 |a Nuestra sangre /  |c Mariano Chiesa. 
260 |a Argentina,  |c 2011 
300 |a 26'. 
490 0 |a Horizontes. Ciencias Naturales 
490 1 |a DVD 2 
500 |a Consultar en ventanilla. 
538 |a Soporte: DVD - Color: Si - Grabación DRD. 
520 |a Breve historia del descubrimiento de las características de la circulación de la sangre. Harvey y el descubrimiento de los capilares. La sangre y sus componentes. Las hemorragias, la coagulación, la presión sanguínea. 
100 1 |a Chiesa, Mariano 
710 2 |a Canal Encuentro. 
082 5 0 |/ CHI-2 
653 |a MEDICINA 
653 |a SISTEMA CIRCULATORIO 
653 |a ANATOMIA 
653 |a BIOLOGIA 
653 |a CUERPO HUMANO 
653 |a HEMATOLOGIA 
653 |a CIENCIAS NATURALES 
653 |a PRESION SANGUINEA 
653 |a HEMORRAGIAS 
653 |a COAGULACION 
653 |a SALUS 
653 |a ENFERMEDADES 
653 |a SERIE DE TELEVISIÓN 
856 |u https://www.educ.ar/recursos/50723/nuestra-sangre 
859 |a CEMS  |b BIB. CEMS - Depto. Recursos Didacticos  |h 500  |i CHI-2  |k DRD  |p 2300.15  |t Ej.1